Chapter User Experience Results of Setting Free a Service Robot for Older Adults at Home (Record no. 10451)
[ view plain ]
| 000 -LEADER | |
|---|---|
| fixed length control field | 00649nam a2200121Ia 4500 |
| 008 - FIXED-LENGTH DATA ELEMENTS--GENERAL INFORMATION | |
| fixed length control field | 220615s9999||||xx |||||||||||||| ||und|| |
| 100 ## - MAIN ENTRY--PERSONAL NAME | |
| Personal name | Bajones, Markus||Fischinger, David||Suchi, Markus||Wolf, Daniel||Weiss, Astrid||Vincze, Markus |
| 245 #0 - TITLE STATEMENT | |
| Title | Chapter User Experience Results of Setting Free a Service Robot for Older Adults at Home |
| 546 ## - LANGUAGE NOTE | |
| Language note | English[eng] |
| 650 ## - SUBJECT ADDED ENTRY--TOPICAL TERM | |
| Topical term or geographic name entry element | service robots, personal robots, autonomous navigation, grasping, user experience at home, object recognition |
| 856 ## - ELECTRONIC LOCATION AND ACCESS | |
| Uniform Resource Identifier | <a href="https://library.oapen.org/bitstream/20.500.12657/49271/1/56864.pdf||https://library.oapen.org/bitstream/20.500.12657/49271/1/56864.pdf">https://library.oapen.org/bitstream/20.500.12657/49271/1/56864.pdf||https://library.oapen.org/bitstream/20.500.12657/49271/1/56864.pdf</a> |
| 942 ## - ADDED ENTRY ELEMENTS (KOHA) | |
| Koha item type | E-Books |
| Withdrawn status | Lost status | Damaged status | Not for loan | Home library | Current library | Date acquired | Total Checkouts | Date last seen | Price effective from | Koha item type |
|---|---|---|---|---|---|---|---|---|---|---|
| Kerala University of Digital Sciences, Innovation and Technology Knowledge Centre | Kerala University of Digital Sciences, Innovation and Technology Knowledge Centre | 15/06/2022 | 15/06/2022 | 15/06/2022 | E-Books |